01282njm a2200277Ia 450000100060000000300090000600500170001500800410003204000130007304000130008604100120009910000150011110000180012610000380014424500380018225000110022026000110023126000620024230000100030430000290031450001190034350503720046265000560083470000610089070000530095127312IT-RoPAU20220918181111.0131025s9999 xx 000 0 und d aIT-RoPAU cIT-RoPAU aINGLESE aBarry John eAutore musica gCodice autore musica SPICS: 10744 2aA View To A Kill-Bersaglio mobile a1a ed. aMILANO bEMI ITALIANAc1985 [1a Ed.:1985 - Ed. Lingua Orig.: 1985] aDISCO c39 minuti (Testo: pag.) aColonna sonora originale del film "Bersaglio Mobile - A View To A Kill" interpretato da Roger Moore James Bond 007 aMain Title Song; A View To A Kill - Snow Job - May Day Jumps - Bond Meets Stacey (A View To A Kill) - Pegasus' Stable - Tibbett Gets Washed Out - Airship To Silicon Valley - He's Dangerous* Bond Underwater - Wine With Stacey (A View To A Kill) - Bond Escapes Roller - Destroy Silicon Valley - May Day Bombs Out - Golden Gate Fight - End Title Song; A View To A Kill aCOLONNA SONORA [DISCHI]eCodice MATERIA SPICS: 9950 aDuran Duran eInterpretegCodice interprete SPICS: 11417 aDuran Duran gCodice autore SPICS: 11417eAutore